| 000 | 00935cpcaa22002657a 4500 | ||
|---|---|---|---|
| 001 | mm 80002091 | ||
| 003 | DLC | ||
| 005 | 20260227111659.0 | ||
| 008 | 800121|||||||||||| eng | ||
| 010 | _amm 80002091 | ||
| 040 |
_aDLC _cDLC _dDLC _edacs |
||
| 072 | 7 |
_aW _2lcmd |
|
| 100 | 1 |
_aWard, Thomas W. _q(Thomas Wren), _d1786-1858. |
|
| 245 | 0 | 0 |
_aThomas W. Ward correspondence, _f1841 February 11. |
| 300 |
_a1 _fitem. |
||
| 506 | 0 | _aOpen to research. | |
| 520 | 8 | _aALS (Philadelphia, Pa.) from Ward to Baring Brothers & Co. | |
| 545 | 0 | _aBusinessman. | |
| 546 | _aCollection material in English. | ||
| 580 | _aForms part of: Miscellaneous Manuscripts collection. | ||
| 610 | 2 | 0 |
_aBaring Brothers & Co. _vCorrespondence. |
| 656 | 7 |
_aBusinessmen. _2itoamc |
|
| 999 |
_c42463 _d42463 |
||